|
|
|
|
| LEADER |
00000nam0a2200000 4500 |
| 001 |
192855 |
| 005 |
20231031181544.0 |
| 035 |
|
|
|a (RuTPU)RU\TPU\book\210285
|
| 090 |
|
|
|a 192855
|
| 100 |
|
|
|a 20110310d1957 m y0rusy50 ca
|
| 101 |
0 |
|
|a rus
|
| 102 |
|
|
|a RU
|
| 105 |
|
|
|a a z 001zy
|
| 200 |
1 |
|
|a Об одном методе определения параметров пластов по наблюдениям неустановившегося режима притока к скважинам
|f И. А. Чарный , И. Д. Умрихин
|g Московский нефтяной институт им. И. И. Губкина (МНИ); под ред. Р. С. Андриасова
|
| 210 |
|
|
|a Москва
|c Изд-во МНИ
|d 1957
|
| 215 |
|
|
|a 47 с.
|c ил.
|
| 320 |
|
|
|a Библиогр.: с. 47.
|
| 610 |
1 |
|
|a пласты
|
| 610 |
1 |
|
|a параметры
|
| 610 |
1 |
|
|a метод определения
|
| 610 |
1 |
|
|a неустановившиеся режимы
|
| 610 |
1 |
|
|a скважины
|
| 610 |
1 |
|
|a кривые
|
| 610 |
1 |
|
|a обработка
|
| 610 |
1 |
|
|a теория
|
| 675 |
|
|
|a 556.34
|v 3
|
| 700 |
|
1 |
|a Чарный
|b И. А.
|
| 701 |
|
1 |
|a Умрихин
|b И. Д.
|
| 702 |
|
1 |
|a Андриасов
|b Р. С.
|4 340
|
| 712 |
0 |
2 |
|a Московский нефтяной институт им. И. И. Губкина (МНИ)
|c (1930-1958)
|2 stltpush
|3 (RuTPU)RU\TPU\col\14874
|
| 801 |
|
1 |
|a RU
|b 63413507
|c 20110310
|
| 801 |
|
2 |
|a RU
|b 63413507
|c 20110602
|g RCR
|
| 942 |
|
|
|c BK
|